| 000 | 00481nam a2200181 a 4500 | ||
|---|---|---|---|
| 005 | 20140310183257.0 | ||
| 008 | 020918s19uu xx 00 eng d | ||
| 020 | _a0140621083 | ||
| 050 |
_aPZ 3 _b.B79 1994 |
||
| 100 | _aBronte, Anne | ||
| 245 |
_aAgnes Grey / _cAnne Bronte. |
||
| 260 |
_aNew York : _bPenguin Books, _c1994. |
||
| 300 |
_a301 p. : _b18 cm. |
||
| 500 | _a"Penguin Books" | ||
| 650 | _aAgnes Grey (Fictitious character). | ||
| 942 |
_cBK _2lcc |
||
| 999 |
_c20893 _d20893 |
||